Normal view MARC view

Entry Personal Name

Number of records used in: 1

001 - CONTROL NUMBER

  • control field: 7533

003 - CONTROL NUMBER IDENTIFIER

  • control field: OSt

005 - DATE AND TIME OF LATEST TRANSACTION

  • control field: 20210928102556.0

008 - FIXED-LENGTH DATA ELEMENTS

  • fixed length control field: 210928|| aca||aabn | a|a d

040 ## - CATALOGING SOURCE

  • Original cataloging agency: OSt
  • Transcribing agency: OSt

100 ## - HEADING--PERSONAL NAME

  • Personal name: Brent Ronald I

670 ## - SOURCE DATA FOUND

  • Source citation: Work cat.: (OSt)7093: Brent Ronald I., Just-in -Time Algebra / For Students of Calculus in Management and the Life Sciences /, 2002